000 00312nam a2200145Ia 4500
005 20250423101043.0
008 250422s9999 xx 000 0 und d
020 _a0871201127
245 0 _aSupervision of teaching
260 _aVirginia
260 _bASCD
260 _c1982
300 _a197 p
942 _cBK
999 _c35140
_d35140